| 000 | 00364nam a2200145Ia 4500 | ||
|---|---|---|---|
| 008 | 210210b1919 xxu||||| |||| 00| 0 eng d | ||
| 082 | _a823.9 BENC | ||
| 100 | _aBENSON (E F). | ||
| 245 | _aAcross the stream. | ||
| 260 |
_aLondon _bHutchinson & Co., _c1919 |
||
| 300 | _avi,314,x | ||
| 650 | _aAccross the Stream | ||
| 690 | _aEnglish Fiction | ||
| 906 | _a040406 | ||
| 999 |
_c90273 _d90273 |
||